Регионална библиотека "Любен Каравелов" - Русе

САЩ : 200 години - 200 войни (Запис номер 125582)

MARC детайли
000 -Лидер
Контролно поле с фиксирана дължина nam a22 a 4500
003 - Код на организацията, давaща контролен номер
Контролно поле BLK
005 - Дата и час на последна редакция
Контролно поле 20221108133222.0
008 - Елементи от данни с фиксирана дължина
fixed length control field 180409b bul|||||r ||||||| ||bul||
010 ## - Наследен системен номер
LC control number KNG00131254000
040 ## - Източник на каталожния запис
Идентификатор на билиотеката - собственик на записа BLK
041 ## - Код за език
Код за езика на текст/звукозапис или на отделно заглавие Български
Код за езика КДБФ Български
080 ## - УДК
Текстов определител УДК Военна история - Военни походи, битки, героични подвизи. Вж и 93/99
УДК код - определител по УДК 355.48
УДК определител (73)
УДК - код + определител 355.48(73)
080 ## - УДК
Текстов определител УДК Международни политически отношения. Световна политика. Международна политика. Дипломация
УДК код - определител по УДК 327
УДК определител (73)
УДК - код + определител 327(73)
100 1# - Редна дума - Автор
Автор Белашченко, Том Кирилович
Авторска отговорност първи автор
R(LIN) 37668
139 ## - Редно поле
Редна дума Белашченко, Том Кирилович
Авторски знак Бел - Б 33
245 10 - Сведения за заглавието
Заглавие САЩ : 200 години - 200 войни
Подзаглавни данни Изследване
Редно поле (дума) Том Кирилович Белашченко; прев. от рус. Георги Пенчев.
257 ## - Страна на издаване
Страна на създаване/издаване Съединени американски щати
260 ## - Област на издателските данни
Име на издателя, разпространителя и проч. Воен. изд.
Година на издаване 1976
Място на издаване, разпространение и проч. София
300 ## - Физическа характеристика
Страници 231 с.
Размери/Мащаб 20 см
380 ## - Жанр
Жанр Обществени науки
490 ## - СЕРИИ (Колекции)
Име на серия Контрасти
9 (RLIN) 205164
500 ## - Общи забележки
Забележка Ориг. загл. СЩА : 200 лет - 200 войн. - 6 725 тир.
650 #4 - Допълнително описание по предмет – тема
Основно описание – тема или топоним Военна история - САЩ
9 (RLIN) 301883
650 #4 - Допълнително описание по предмет – тема
Основно описание – тема или топоним Въоръжени сили - САЩ
9 (RLIN) 295382
650 #4 - Допълнително описание по предмет – тема
Основно описание – тема или топоним Милитаризъм - САЩ
9 (RLIN) 315030
651 #4 - Допълнително описание по предмет - топоним
Географско понятие САЩ
9 (RLIN) 179493
653 ## - Ключова дума – ненормативна
Ключова дума въоръжени сили
653 ## - Ключова дума – ненормативна
Ключова дума милитаризъм
653 ## - Ключова дума – ненормативна
Ключова дума войни
700 1# - Други автори (авторска отговорност)
Лично име Пенчев, Георги
Автороска отговорност (Описва отношението между автора и произведението) прев. от рус.
9 (RLIN) 366691
852 ## - Местоположение
Форматна сигнатура Цб 90863
Фондова буква Хранилище
856 4# - Електронен адрес и достъп
Електронен формат pdf - файл
Инструкция (цена за достъп) 0.00
Права за достъп disable
856 4# - Електронен адрес и достъп
Електронен формат pdf - файл
Инструкция (цена за достъп) 0.00
Права за достъп disable
999 ## - СИСТЕМНИ КОНТРОЛНИ НОМЕРА
Koha biblionumber 125582
Koha biblioitemnumber 125582
942 ## - АРТИКУЛИ
Вид на библиотечния материал Книги
Скрит в OPAC Не
Периодичен библиозапис Да
944 ## - СЪЗДАВАНЕ И РЕДАКЦИЯ на ЗАПИСА
Създаване/Редакция Създаване
Дата на регистрацията/редакция 12.06.2012
Статус, дата на статуса 12.06.2012 - от С1,Р / 12.06.2012
Служител, извършил регистрацията/редакцията Наталия_Медовщикова
944 ## - СЪЗДАВАНЕ И РЕДАКЦИЯ на ЗАПИСА
Създаване/Редакция Редакция
Дата на регистрацията/редакция 12.06.2012
Статус, дата на статуса 12.06.2012 - от С1,Р / 12.06.2012
944 ## - СЪЗДАВАНЕ И РЕДАКЦИЯ на ЗАПИСА
Създаване/Редакция Редакция
Дата на регистрацията/редакция 2022-11-08
Статус, дата на статуса 2022-11-08
999 ## - СИСТЕМНИ КОНТРОЛНИ НОМЕРА
Koha biblioitemnumber 125582
Наличности
Код за отписване Код за изгубен артикул Източник на класификационната схема Код за повреда Коз за рестрикции Код за отдаване Артикулен № Име на библиотеката - собственик Име на библиотеката, в която се намира в момента Статус (Текущо местоположение) Дата на вписване в системата Местоположение - отдел Цена в лева Инвентарен номер Систематично азбучна сигнатура Баркод Номер на екземпляра Цена в евро Служебна бележка Служебен тип на артикула
  Не е изгубен Universal Decimal Classification Не е повреден само за читалня ползва се в читалня 204273 Регионална библиотека "Любен Каравелов" Русе Регионална библиотека "Любен Каравелов" Русе Хранилище 1976-01-01 Хранилище 1.00 252941 Цб 90863 120000252941 1 0.51 N: стар фонд Дата: 01.01.1976 Книги
Изтеглен Не е изгубен Universal Decimal Classification Не е повреден без рестрикции заемане за дома 204274 Регионална библиотека "Любен Каравелов" Русе Регионална библиотека "Любен Каравелов" Русе Заемна - подръчен фонд 1976-01-01 Заемна - подръчен фонд 1.00 254068 П 355.48/Б 33 254068 2 0.51 N: сттар фонд Дата: 01.01.1976 Книги
Vip Innovations Ltd, Rousse, Bulgaria 2025